| 000 | 00896nam a2200277 a 4500 | ||
|---|---|---|---|
| 001 | 57872 | ||
| 003 | BD-RjUL | ||
| 005 | 20211209080548.0 | ||
| 008 | 820607s1982 nyuaf 001 0 eng | ||
| 020 |
_a0399127380 : _c16.95 |
||
| 035 | _a(BD-RjUL) 57996 | ||
| 040 |
_aDLC _cDLC _dBD-RjUL _beng |
||
| 041 | _aeng | ||
| 082 | 0 | 0 |
_a320.973 _223 _bJOC 1982 |
| 100 | 1 |
_aJordan, Hamilton. _9171896 |
|
| 245 | 1 | 0 |
_aCrisis : _bthe last year of the Carter presidency / _cHamilton Jordan. |
| 260 |
_aNew York : _bPutnam, _cc1982. |
||
| 300 |
_a431 p. : _bill. ; _c24 cm. |
||
| 500 | _aIncludes index. | ||
| 600 | 1 | 0 |
_aCarter, Jimmy, _d1924- _9171903 |
| 600 | 1 | 0 |
_aJordan, Hamilton. _9171904 |
| 650 | 0 |
_aIran Hostage Crisis, 1979-1981. _9171898 |
|
| 651 | 0 |
_aUnited States _xPolitics and government _y1977-1981. _9171761 |
|
| 651 | 0 |
_aUnited States _xForeign relations _y1977-1981. _9171899 |
|
| 942 |
_2ddc _cBK |
||
| 999 |
_c57872 _d57872 |
||